| Tag |
First Indicator |
Second Indicator |
Subfields |
| LEADER |
00000cam a2200000 a 4500 |
| 001 |
in00000469739 |
| 005 |
20151012170803.0 |
| 008 |
820506s1982 paua b 00110 eng |
| 010 |
|
|
|a 82005911
|
| 020 |
|
|
|a 0830614184 (pbk.) :
|c $7.95
|
| 035 |
|
|
|a (OCoLC)08474403
|
| 035 |
|
|
|9 ACA0086AM
|
| 039 |
0 |
|
|a 2
|b 3
|c 3
|d 3
|e 3
|
| 040 |
|
|
|a DLC
|c DLC
|d OCL
|d UtOrBLW
|
| 049 |
|
|
|a TXAM
|c [775180]
|
| 050 |
0 |
0 |
|a ML1092
|b .D59 1982
|
| 082 |
0 |
|
|a 789.9
|2 19
|
| 100 |
1 |
|
|a Douglas, Alan,
|d 1899-1999.
|
| 245 |
1 |
0 |
|a Electronic music production /
|c by Alan Douglas.
|
| 250 |
|
|
|a 2nd ed.
|
| 264 |
|
1 |
|a Blue Ridge Summit, PA :
|b Tab Books,
|c [1982]
|
| 264 |
|
4 |
|c ©1982
|
| 300 |
|
|
|a x, 130 pages :
|b illustrations ;
|c 21 cm.
|
| 336 |
|
|
|a text
|b txt
|2 rdacontent
|
| 337 |
|
|
|a unmediated
|b n
|2 rdamedia
|
| 338 |
|
|
|a volume
|b nc
|2 rdacarrier
|
| 500 |
|
|
|a Includes index.
|
| 504 |
|
|
|a Bibliography: pages 127-129.
|
| 650 |
|
0 |
|a Electronic musical instruments.
|
| 650 |
|
0 |
|a Electronic music
|x History and criticism.
|
| 999 |
|
|
|a MARS
|
| 999 |
f |
f |
|s 2738bae8-b2e5-3c5c-a3a1-d8774e815eef
|i 3c2d4dda-cea1-35be-be5d-b2545fc9206b
|t 0
|
| 952 |
f |
f |
|p ric
|a Texas A&M University
|b Rellis Campus
|c Joint Library Facility
|d Remote Storage
|t 0
|e ML1092 .D59 1982
|h Library of Congress classification
|i unmediated -- volume
|m A14806449518
|
| 998 |
f |
f |
|a ML1092 .D59 1982
|t 0
|l Remote Storage
|